Personnalités transférées au Panthéon par images - Statistiques

Statistiques générales
  • Ce quiz a été pris 11 834 fois
    11 064 depuis la dernière actualisation
  • Le résultat moyen est 8 sur 15
Statistiques - réponses
Par images Hint Réponse % Correct
2018 Simone Veil
93%
1885 Victor Hugo
93%
1995 Marie Curie-Sklodowska
91%
1964 Jean Moulin
88%
1791 Voltaire
74%
2025 Robert Badinter
72%
2021 Joséphine Baker
69%
1794 Jean-Jacques Rousseau
54%
1908 Émile Zola
48%
2002 Alexandre Dumas
42%
2024 Missak Manouchian
35%
1924 Jean Jaurès
29%
1894 Marie François Sadi Carnot
23%
1996 André Malraux
17%
1920 Léon Gambetta
12%
Aucun quiz correspondant
Distribution des résultats
% des personnes avec chaque résultat
Percentile par nombre de réponses
Votre historique - résultats
Vous n’avez pas pris ce quiz depuis la dernière actualisation